[Event "Budapest Spring Festival 2019"]
[Site "Budapest"]
[Date "2019.04.13"]
[Round "5.33"]
[White "Pratyusha, Bodda"]
[Black "Popovic, Dusan"]
[Result "0-1"]
[WhiteElo "2277"]
[BlackElo "2503"]
[Annotator "TA"]
[PlyCount "44"]
[EventDate "2019.04.09"]
[EventType "swiss"]
[EventCountry "HUN"]
[SourceTitle "playchess.com"]
[Source "ChessBase"]
[SourceQuality "1"]

{[%evp 10,44,37,14,13,-50,-36,-83,-75,-85,-94,-76,-72,-81,-87,-88,-79,-85,-85,-115,-109,-267,-60,-65,-63,-259,-245,-241,-254,-358,-364,-463,-443,-700,-686,-1401,-1333]} 1. e4 d6 2. d4 Nf6 3. Nc3 e5 4. Nf3 exd4 5. Nxd4 Be7 6. h3 O-O {C41: Philidor Defence} 7. Bc4 (7. Bf4 $11) (7. g4 d5 8. e5 Nfd7 9. Nxd5 Nxe5 10. Bg2 Bc5 11. Bf4 c6 12. Bxe5 Re8 13. Nf3 Nd7 14. Ne3 Nxe5 15. Nxe5 {0-1 (25) Ernst,S (2558)-Giri,A (2696) Amsterdam 2012}) 7... Nxe4 $1 $15 8. Bxf7+ Rxf7 {Black is better.} 9. Nxe4 d5 10. Ng3 c5 11. Nf3 Nc6 $36 {[%mdl 2048] White is under strong pressure.} 12. O-O b6 13. c3 $146 ({Predecessor:} 13. Re1 Bb7 14. Ne5 Nxe5 15. Rxe5 {0-1 (39) Barcsi,J-Rendi,E Romania 1998}) 13... Bb7 14. Be3 h6 15. Qa4 $2 (15. Qe2 $17) 15... Qd6 $2 (15... Rxf3 $19 16. gxf3 d4 17. cxd4 cxd4) 16. Qg4 $1 {next Nf5 is good for White.} Raf8 {[#] aiming for ...Bc8.} 17. Nh5 $2 (17. Rad1 $1 $15) 17... g5 $19 {...Rxf3! is the strong threat.} 18. Nh2 Ne5 19. Qe2 (19. Qd1 {was necessary.}) 19... d4 20. Rad1 {[%cal Rc3d4]} Qc6 {[%csl Gb7][%cal Rc6g2] Black is clearly winning.} (20... d3 $2 21. Qd2 $19) 21. f4 (21. f3 $142 dxe3 22. Qxe3) 21... dxe3 22. fxe5 {[#]} Rf2 $1 {[%mdl 576] Double Attack. Accuracy: White = 21%, Black = 81%.} 0-1

[Event "Budapest Spring Festival 2019"]
[Site "Budapest"]
[Date "2019.04.13"]
[Round "5.34"]
[White "Erenberg, Ariel"]
[Black "Havanecz, Bianka"]
[Result "1/2-1/2"]
[WhiteElo "2437"]
[BlackElo "2265"]
[Annotator "NA RC"]
[PlyCount "83"]
[EventDate "2019.04.09"]
[EventType "swiss"]
[EventCountry "HUN"]
[SourceTitle "playchess.com"]
[Source "ChessBase"]
[SourceQuality "1"]
[TimeControl "40/5400+30:1800+30"]

1. c4 {[%emt 0:00:05]} c6 {[%emt 0:00:05]} 2. d4 {[%emt 0:01:39]} d5 {[%emt 0:00:05]} 3. Nc3 {[%emt 0:01:21]} Nf6 {[%emt 0:00:06]} 4. Nf3 {[%emt 0:00:56]} dxc4 {[%emt 0:00:17]} 5. a4 {[%emt 0:00:59]} e6 {[%emt 0:00:06]} 6. e3 {[%emt 0:05:34]} c5 {[%emt 0:00:06]} 7. Bxc4 {[%emt 0:00:11]} Nc6 {[%emt 0:00:10]} 8. O-O {[%emt 0:01:12]} Be7 {[%emt 0:01:33]} 9. Qe2 {[%emt 0:03:32]} cxd4 {[%emt 0:00:08]} 10. Rd1 {[%emt 0:00:27]} O-O {[%emt 0:00:07]} 11. exd4 {[%emt 0:00:11]} Nb4 {[%emt 0:00:10]} 12. Ne5 {[%emt 0:06:02]} b6 {[%emt 0:00:06]} 13. Bf4 {[%emt 0:10:19]} Nfd5 {[%emt 0:08:20]} 14. Bd2 {[%emt 0:12:26]} Bb7 {[%emt 0:00:42]} 15. Rac1 {[%emt 0:00:37]} Rc8 {[%emt 0:13:09]} 16. Ne4 {[%emt 0:01:43]} Nc6 {[%emt 0:06:54]} 17. Nxc6 {[%emt 0:05:26]} Bxc6 {[%emt 0:02:19]} 18. a5 {[%emt 0:00:33]} Qd7 {[%emt 0:02:49]} 19. b3 {[%emt 0:09:37]} h6 {[%emt 0:16:51]} 20. Ng3 {[%emt 0:04:23]} bxa5 {[%emt 0:04:07]} 21. Nh5 {[%emt 0:04:09]} Bg5 {[%emt 0:03:36]} 22. Bxg5 {[%emt 0:02:23]} hxg5 {[%emt 0:00:01]} 23. Qd2 {[%emt 0:01:55]} Qd8 {[%emt 0:06:49]} 24. Ba6 {[%emt 0:01:58]} Rc7 {[%emt 0:00:04]} 25. Qxa5 {[%emt 0:00:30]} Ba8 {[%emt 0:00:28]} 26. Rxc7 {[%emt 0:06:22]} Qxc7 {[%emt 0:00:13]} 27. Qxc7 {[%emt 0:00:06]} Nxc7 {[%emt 0:00:03]} 28. Bc4 {[%emt 0:00:50]} Rd8 {[%emt 0:01:03]} 29. Ng3 {[%emt 0:01:53]} Bc6 {[%emt 0:05:30]} 30. Ne2 Nb5 {[%emt 0:00:51]} 31. f3 {[%emt 0:02:09]} Kf8 {[%emt 0:01:26]} 32. Kf2 {[%emt 0:00:46]} Ke7 {[%emt 0:00:37]} 33. Ra1 {[%emt 0:03:01]} Nxd4 {[%emt 0:03:50]} 34. Rxa7+ {[%emt 0:00:04]} Kf6 {[%emt 0:00:22]} 35. Rc7 {[%emt 0:00:52]} Nxe2 {[%emt 0:05:53]} 36. Bxe2 {[%emt 0:00:21]} Bd5 {[%emt 0:00:55]} 37. b4 {[%emt 0:00:08]} Rb8 {[%emt 0:00:31]} 38. b5 {[%emt 0:00:11]} Rb7 {[%emt 0:02:22]} 39. Rc2 {[%emt 0:04:05]} Ke5 {[%emt 0:00:16]} 40. Ke3 {[%emt 0:00:00]} Kd6 {[%emt 0:00:00]} 41. Bd3 {[%emt 0:03:12]} Ra7 {[%emt 0:04:09]} 42. Kd2 1/2-1/2

[Event "Budapest Spring Festival 2019"]
[Site "Budapest"]
[Date "2019.04.13"]
[Round "5.35"]
[White "Shagbazyan, Taron"]
[Black "Zentai, Peter"]
[Result "0-1"]
[WhiteElo "2429"]
[BlackElo "2263"]
[Annotator "TA"]
[PlyCount "116"]
[EventDate "2019.04.09"]
[EventType "swiss"]
[EventCountry "HUN"]
[SourceTitle "playchess.com"]
[Source "ChessBase"]
[SourceQuality "1"]

{[%evp 26,115,0,0,8,0,0,0,0,16,22,16,42,33,69,60,24,58,77,54,107,126,138,-7,0,0,0,0,0,-43,63,55,33,32,83,35,32,37,29,4,9,13,17,0,0,-95,-12,-7,0,0,-23,-179,-179,-167,-179,-220,-220,-214,-170,-277,-204,-202,-141,-141,-94,-97,-127,-135,-120,-204,-193,-265,-227,-775,-781,-769,-754,-701,-712,-733,-731,-621,-511,-511,-496,-670,-671,-29986,-29984,-29998,-29999,-29999]} 1. d4 d5 2. c4 c6 3. Nf3 Nf6 4. Nc3 e6 5. e3 Nbd7 6. Qc2 Bd6 7. b3 O-O 8. Be2 b6 9. O-O Bb7 10. Bb2 Qe7 11. Rfd1 Rfd8 {D45: Semi-Slav: 5 e3} 12. Rac1 Rac8 13. Qb1 a6 14. a4 {[#] LiveBook: 4 Games} h6 $146 ({Predecessor:} 14... c5 15. cxd5 exd5 16. Qf5 Qe6 17. Bd3 h6 18. Qxe6 fxe6 {½-½ (30) Vazquez Igarza,R (2581)-Vallejo Pons,F (2686) Linares 2015}) 15. Bf1 c5 16. cxd5 exd5 17. g3 Rc7 18. Bg2 c4 19. bxc4 dxc4 20. Nh4 Bxg2 21. Kxg2 Bb4 22. Na2 Ba3 ({Better is} 22... Rdc8 $14) 23. Nf5 $16 Qf8 24. d5 ({White has to play} 24. Bxa3 $1 $16 Qxa3 25. Nc3) 24... Bxb2 $11 25. Qxb2 Rc5 $1 26. Nc3 g6 27. Nh4 Qd6 ({Black should play} 27... Ne5 $15 28. Qxb6 Nfd7) 28. Nf3 $14 Rb8 29. e4 b5 ({Black should try} 29... Rcc8 $14) 30. axb5 axb5 31. Qb4 {Strongly threatening e5!} Ng4 $1 32. e5 Qb6 $1 {...Rxd5! is the strong threat.} ({But not} 32... Ngxe5 $2 33. Ne4 $18) 33. Ne4 Rcc8 34. e6 fxe6 35. h3 {[#]} (35. Qe7 $11 exd5 36. Rxd5) 35... Ndf6 (35... exd5 $1 $17 36. Rxd5 Ngf6 37. Nxf6+ Nxf6) 36. Nxf6+ $11 Nxf6 37. Qb1 Kh7 $40 {[%mdl 128] Black attacks.} 38. Nh4 $2 (38. dxe6 $1 $11 Qc6 39. Qb4 Qxe6 40. Rd6) 38... Rg8 $19 39. dxe6 Qxe6 40. Rd4 Qc6+ 41. Kg1 Rb7 42. Qb4 (42. Re1 $142) 42... Nd5 43. Qd2 Rd7 44. Nf3 {aiming for Ne5.} Nf6 45. Ne5 Rxd4 46. Qxd4 {[#]} Qd5 $1 {[%cal Rd5d4]} 47. Qa1 (47. Qe3 $17 {was called for.}) 47... Ne4 {And now ...Ra8 would win.} 48. Ng4 (48. Rd1 $142 Ra8 49. Qd4 Qxd4 50. Rxd4) 48... h5 49. Rd1 $2 (49. Nf6+ Nxf6 50. Qxf6) 49... Qf5 50. f3 hxg4 51. fxe4 {[%mdl 4096] Endgame KQR-KQR} Qc5+ 52. Kg2 gxh3+ 53. Kxh3 Qh5+ 54. Kg2 Qe2+ 55. Kh3 Rh8 {White must now prevent ...c3.} 56. g4 {intending Kg3.} Kg8+ {Black mates.} 57. Kg3 Qh2+ 58. Kf3 Rh3# {Precision: White = 31%, Black = 56%.} 0-1

[Event "Budapest Spring Festival 2019"]
[Site "Budapest"]
[Date "2019.04.13"]
[Round "5.36"]
[White "Bodi, Tibor"]
[Black "Horvath, Dominik"]
[Result "0-1"]
[WhiteElo "2240"]
[BlackElo "2412"]
[Annotator "NA RC"]
[PlyCount "56"]
[EventDate "2019.04.09"]
[EventType "swiss"]
[EventCountry "HUN"]
[SourceTitle "playchess.com"]
[Source "ChessBase"]
[SourceQuality "1"]
[TimeControl "40/5400+30:1800+30"]

1. Nf3 {[%emt 0:00:23]} d5 {[%emt 0:00:07]} 2. e3 {[%emt 0:00:10]} Nf6 {[%emt 0:00:43]} 3. b3 {[%emt 0:00:11]} e6 {[%emt 0:00:44]} 4. Bb2 {[%emt 0:00:06]} b6 {[%emt 0:01:21]} 5. Ne5 {[%emt 0:01:44]} Bb7 {[%emt 0:03:28]} 6. Be2 {[%emt 0:03:06]} Be7 {[%emt 0:02:15]} 7. O-O {[%emt 0:00:30]} O-O {[%emt 0:00:05]} 8. d4 {[%emt 0:05:10]} c5 {[%emt 0:06:47]} 9. Nd2 {[%emt 0:01:09]} cxd4 {[%emt 0:04:16]} 10. exd4 {[%emt 0:00:21]} Qc7 {[%emt 0:02:51]} 11. Rc1 {[%emt 0:03:49]} Nbd7 {[%emt 0:08:58]} 12. Bd3 {[%emt 0:09:52]} a5 {[%emt 0:06:36]} 13. Qe2 {[%emt 0:02:25]} a4 {[%emt 0:02:19]} 14. f4 {[%emt 0:04:40]} g6 {[%emt 0:04:08]} 15. g4 {[%emt 0:08:06]} Qd8 {[%emt 0:03:00]} 16. Rce1 {[%emt 0:03:49]} axb3 {[%emt 0:00:36]} 17. axb3 {[%emt 0:00:08]} Ra2 {[%emt 0:01:09]} 18. Bc1 {[%emt 0:04:21]} Qc7 {[%emt 0:08:20]} 19. Rf2 {[%emt 0:18:16]} Ne4 {[%emt 0:05:34]} 20. Nxe4 {[%emt 0:03:17]} dxe4 {[%emt 0:00:41]} 21. Bxe4 {[%emt 0:00:25]} Bh4 {[%emt 0:02:19]} 22. Bxb7 {[%emt 0:05:57]} Bxf2+ {[%emt 0:00:59]} 23. Qxf2 {[%emt 0:00:09]} Nxe5 {[%emt 0:03:44]} 24. Be4 {[%emt 0:03:50]} Nxg4 {[%emt 0:01:06]} 25. Qh4 {[%emt 0:00:34]} Qc3 {[%emt 0:04:28]} 26. Kf1 {[%emt 0:03:26]} f5 {[%emt 0:02:30]} 27. Bd3 {[%emt 0:01:36]} Qxd4 {[%emt 0:02:42]} 28. h3 {[%emt 0:01:27]} Qxd3+ 0-1

[Event "Budapest Spring Festival 2019"]
[Site "Budapest"]
[Date "2019.04.13"]
[Round "5.37"]
[White "Szeberenyi, Adam"]
[Black "Bhambure, Shantanu"]
[Result "1/2-1/2"]
[WhiteElo "2392"]
[BlackElo "2261"]
[Annotator "NA"]
[PlyCount "107"]
[EventDate "2019.04.09"]
[EventType "swiss"]
[EventCountry "HUN"]
[SourceTitle "playchess.com"]
[Source "ChessBase"]
[SourceQuality "1"]
[TimeControl "40/5400+30:1800+30"]

1. d4 {[%emt 0:02:10]} Nf6 {[%emt 0:00:06]} 2. Nf3 {[%emt 0:00:14]} e6 {[%emt 0:00:07]} 3. Bf4 {[%emt 0:00:18]} c5 {[%emt 0:02:10]} 4. e3 {[%emt 0:00:33]} Qb6 {[%emt 0:03:53]} 5. Qc1 {[%emt 0:04:53]} d5 {[%emt 0:02:21]} 6. c3 {[%emt 0:04:33]} Nc6 {[%emt 0:00:41]} 7. Nbd2 {[%emt 0:01:13]} Be7 {[%emt 0:00:33]} 8. Bd3 {[%emt 0:02:14]} Bd7 {[%emt 0:08:59] D02: 1 d4 d5 2 Nf3 sidelines, including 2...Nf6 3 g3 and 2...Nf6 3 Bf4} (8... O-O 9. O-O h6 10. h3 Bd7 11. Ne5 Rac8 12. Nxd7 Nxd7 13. Nf3 cxd4 14. exd4 Bf6 15. Qd2 e5 16. dxe5 Ndxe5 17. Nxe5 Nxe5 {½-½ (26) Moskalenko,A (2490)-Ponomarenko,A (2240) Sochi 2016}) 9. O-O {[%emt 0:11:46]} O-O {[%emt 0:07:34]} 10. Qb1 {[%emt 0:05:33]} h6 {[%emt 0:03:17]} 11. h3 {[%emt 0:01:05]} Rac8 {[%emt 0:07:05]} 12. Re1 $146 {[%emt 0:15:52]} ({Predecessor:} 12. Ne5 Nxe5 13. dxe5 Ne8 14. a4 f5 15. Bh2 g5 16. g4 Ng7 17. a5 Qc7 18. Qa2 Bc6 19. f4 gxf4 20. Bxf4 {0-1 (48) Puschmann,L-Farago,I Budapest 1972}) 12... Rfd8 {[%emt 0:07:39]} 13. Ne5 {[%emt 0:07:47]} Nxe5 {[%emt 0:03:15]} 14. Bxe5 {[%emt 0:00:35]} Bb5 {[%emt 0:05:58]} 15. Bc2 {[%emt 0:04:53]} Nd7 {[%emt 0:02:16]} 16. Bf4 {[%emt 0:06:10]} Bd6 {[%emt 0:05:07]} 17. a4 {[%emt 0:02:11]} Bxf4 {[%emt 0:02:01]} 18. exf4 {[%emt 0:00:10]} Ba6 {[%emt 0:06:21]} 19. Nf3 {[%emt 0:05:12]} cxd4 {[%emt 0:04:50]} 20. Nxd4 {[%emt 0:00:11]} Qd6 {[%emt 0:01:15]} 21. Qc1 {[%emt 0:01:26]} Re8 {[%emt 0:05:06]} 22. Qd2 {[%emt 0:06:37]} Rcd8 {[%emt 0:03:58]} 23. Rad1 {[%emt 0:00:49]} b6 {[%emt 0:01:07]} 24. Nf3 {[%emt 0:03:32]} Nf8 {[%emt 0:03:09]} 25. Qd4 {[%emt 0:05:35]} Qc5 {[%emt 0:01:18]} 26. Re3 {[%emt 0:00:30]} Qxd4 {[%emt 0:06:45]} 27. Nxd4 {[%emt 0:00:09]} Rc8 {[%emt 0:01:32]} 28. Rde1 {[%emt 0:00:20]} Nd7 {[%emt 0:00:34]} 29. Nf3 {[%emt 0:00:56]} Nf6 {[%emt 0:02:42]} 30. Ne5 {[%emt 0:05:21]} d4 {[%emt 0:00:35]} 31. Rg3 {[%emt 0:00:58]} dxc3 {[%emt 0:01:05]} 32. bxc3 {[%emt 0:00:42]} Nd5 {[%emt 0:00:47]} 33. f5 {[%emt 0:00:57]} Rxc3 {[%emt 0:00:57]} 34. Rxc3 {[%emt 0:00:25]} Nxc3 {[%emt 0:00:02]} 35. Bb3 {[%emt 0:00:25]} Ne2+ {[%emt 0:01:13]} 36. Kh2 {[%emt 0:00:10]} Nd4 {[%emt 0:00:23]} 37. fxe6 {[%emt 0:00:12]} f6 {[%emt 0:00:50]} 38. Bc4 {[%emt 0:01:50]} Bxc4 {[%emt 0:00:38]} 39. Nxc4 {[%emt 0:00:20]} Rxe6 {[%emt 0:00:06]} 40. Rd1 {[%emt 0:00:00]} Nc6 {[%emt 0:00:00]} 41. Ne3 {[%emt 0:03:47]} Kf7 {[%emt 0:14:02]} 42. Nf5 $1 {[%emt 0:01:11]} Ne7 {[%emt 0:04:56]} 43. Nd6+ {[%emt 0:01:15]} Kg6 {[%emt 0:00:42]} 44. Nb5 {[%emt 0:09:24]} Re4 {[%emt 0:06:53]} 45. Rd7 {[%emt 0:02:18]} a5 {[%emt 0:04:11]} 46. f3 {[%emt 0:00:39] [#]} Re2 $1 {[%emt 0:00:36]} 47. Nc7 {[%emt 0:06:50]} Nf5 {[%emt 0:02:27]} 48. Nd5 {[%emt 0:00:16]} Rb2 {[%emt 0:00:29]} 49. Nf4+ $11 {[%emt 0:06:02]} Kh7 {[%emt 0:00:18]} 50. Nh5 {[%emt 0:00:28]} Kg6 {[%emt 0:00:50]} 51. Nf4+ {[%emt 0:00:04]} Kh7 {[%emt 0:00:59]} 52. Nh5 {[%emt 0:00:03]} Kg6 {[%emt 0:00:44]} 53. Nf4+ {[%emt 0:00:12]} Kh7 {[%emt 0:00:02]} 54. Nh5 {[%emt 0:00:05]} 1/2-1/2

[Event "Budapest Spring Festival 2019"]
[Site "Budapest"]
[Date "2019.04.13"]
[Round "5.38"]
[White "Lye, Lik Zang"]
[Black "Kormos, Adam"]
[Result "1-0"]
[WhiteElo "2377"]
[BlackElo "2257"]
[Annotator "NA"]
[PlyCount "47"]
[EventDate "2019.04.09"]
[EventType "swiss"]
[EventCountry "HUN"]
[SourceTitle "playchess.com"]
[Source "ChessBase"]
[SourceQuality "1"]
[TimeControl "40/5400+30:1800+30"]

1. d4 {[%emt 0:00:03]} d6 {[%emt 0:05:48]} 2. Nf3 {[%emt 0:00:19]} Bf5 {[%emt 0:01:47]} 3. g3 {[%emt 0:02:01]} Nf6 {[%emt 0:00:28]} 4. Bg2 {[%emt 0:00:25]} c6 {[%emt 0:00:08]} 5. O-O {[%emt 0:01:34]} Nbd7 {[%emt 0:01:41]} 6. c4 {[%emt 0:01:09]} e5 {[%emt 0:01:36]} 7. Nc3 {[%emt 0:01:05]} Bg6 {[%emt 0:02:42]} 8. Nh4 {[%emt 0:11:22]} Be7 {[%emt 0:01:03]} 9. d5 {[%emt 0:02:18]} Qc7 {[%emt 0:03:29]} 10. b3 {[%emt 0:17:55]} Rd8 {[%emt 0:16:10]} 11. Bb2 {[%emt 0:01:16]} Nh5 {[%emt 0:06:22]} 12. Nxg6 {[%emt 0:10:28]} hxg6 {[%emt 0:00:06]} 13. Qd3 {[%emt 0:00:39]} c5 {[%emt 0:09:41]} 14. f4 {[%emt 0:10:16]} exf4 {[%emt 0:17:33]} 15. gxf4 {[%emt 0:03:01]} g5 {[%emt 0:00:23]} 16. fxg5 {[%emt 0:06:11]} Bxg5 {[%emt 0:01:09]} 17. Rf5 {[%emt 0:08:23]} Bf6 {[%emt 0:13:33]} 18. Qh3 {[%emt 0:02:53]} Qa5 {[%emt 0:10:57]} 19. Raf1 {[%emt 0:10:43]} Bd4+ {[%emt 0:03:52]} 20. e3 {[%emt 0:00:37]} Bxc3 {[%emt 0:00:11]} 21. Rxf7 {[%emt 0:01:47]} Rh6 {[%emt 0:00:05]} 22. Qxd7+ {[%emt 0:00:23]} Rxd7 {[%emt 0:00:14]} 23. Rf8+ {[%emt 0:00:02]} Ke7 {[%emt 0:00:04]} 24. R1f7# {[%emt 0:00:03]} 1-0

[Event "Budapest Spring Festival 2019"]
[Site "Budapest"]
[Date "2019.04.13"]
[Round "5.39"]
[White "Popovics, Adam"]
[Black "Abhilash, Reddy M.L."]
[Result "1/2-1/2"]
[WhiteElo "2375"]
[BlackElo "2252"]
[Annotator "NA"]
[PlyCount "64"]
[EventDate "2019.04.09"]
[EventType "swiss"]
[EventCountry "HUN"]
[SourceTitle "playchess.com"]
[Source "ChessBase"]
[SourceQuality "1"]
[TimeControl "40/5400+30:1800+30"]

1. e4 {[%emt 0:00:04]} e5 {[%emt 0:00:18]} 2. Nf3 {[%emt 0:00:46]} Nc6 {[%emt 0:00:02]} 3. Bc4 {[%emt 0:00:56]} Bc5 {[%emt 0:00:02]} 4. c3 {[%emt 0:00:29]} Nf6 {[%emt 0:00:01]} 5. d3 {[%emt 0:00:21]} d6 {[%emt 0:00:10]} 6. O-O {[%emt 0:01:13]} h6 {[%emt 0:00:06]} 7. b4 {[%emt 0:03:15]} Bb6 {[%emt 0:00:01]} 8. a4 {[%emt 0:00:12]} a6 {[%emt 0:00:49]} 9. Nbd2 {[%emt 0:01:37]} O-O {[%emt 0:00:19]} 10. Bb3 {[%emt 0:00:42]} Be6 {[%emt 0:05:34]} 11. Nc4 {[%emt 0:07:18]} Nd7 {[%emt 0:06:55]} 12. Nxb6 {[%emt 0:11:27]} Nxb6 {[%emt 0:00:20]} 13. Be3 {[%emt 0:00:23]} Nd7 {[%emt 0:03:54]} 14. b5 {[%emt 0:11:23]} Bxb3 {[%emt 0:02:24]} 15. Qxb3 {[%emt 0:00:06]} Na5 {[%emt 0:00:04]} 16. Qb4 {[%emt 0:03:44]} b6 {[%emt 0:01:29]} 17. d4 {[%emt 0:00:13]} Qf6 {[%emt 0:06:13]} 18. bxa6 {[%emt 0:05:31]} Rxa6 {[%emt 0:05:00]} 19. Qb5 {[%emt 0:00:48]} Nb8 {[%emt 0:00:15]} 20. dxe5 {[%emt 0:02:30]} dxe5 {[%emt 0:00:07]} 21. Rfd1 {[%emt 0:11:44]} Nac6 {[%emt 0:06:03]} 22. Rd5 {[%emt 0:00:19]} Ra5 {[%emt 0:00:36]} 23. Qd3 {[%emt 0:02:05]} Ra8 {[%emt 0:14:19]} 24. Qb5 {[%emt 0:06:11]} Ra5 {[%emt 0:00:12]} 25. Qb3 {[%emt 0:01:05]} Qe7 {[%emt 0:14:50]} 26. Rad1 {[%emt 0:01:20]} Re8 {[%emt 0:09:24]} 27. R1d2 {[%emt 0:02:53]} Qe6 {[%emt 0:01:04]} 28. Qd1 {[%emt 0:04:32]} Ra8 {[%emt 0:01:44]} 29. c4 {[%emt 0:03:33]} Qg4 {[%emt 0:01:18]} 30. c5 {[%emt 0:05:06]} Qxe4 {[%emt 0:01:25]} 31. cxb6 {[%emt 0:00:28]} cxb6 {[%emt 0:00:12]} 32. Bxb6 {[%emt 0:01:50]} Qxa4 {[%emt 0:00:13]} 1/2-1/2

[Event "Budapest Spring Festival 2019"]
[Site "Budapest"]
[Date "2019.04.13"]
[Round "5.40"]
[White "Vantika Agrawal"]
[Black "Kulkarni Bhakti"]
[Result "0-1"]
[WhiteElo "2171"]
[BlackElo "2350"]
[Annotator "TA"]
[PlyCount "112"]
[EventDate "2019.04.09"]
[EventType "swiss"]
[EventCountry "HUN"]
[SourceTitle "playchess.com"]
[Source "ChessBase"]
[SourceQuality "1"]

{[%evp 17,111,19,12,17,16,6,45,12,30,18,45,29,29,29,28,27,29,0,27,0,0,0,11,11,26,-9,8,0,5,0,0,0,0,0,54,-27,-16,-47,-52,-74,-79,-48,-42,-58,-54,-65,-49,-50,-41,-54,-68,-92,-51,-62,-33,-105,-67,-56,-35,-36,-37,-51,0,0,0,0,0,0,0,0,0,0,0,0,0,0,47,0,0,0,0,0,41,0,0,0,0,0,0,-29964,-29955,-29992,-29993,-29997,-29998,-29999]} 1. Nf3 d6 2. d4 Bg4 3. g3 Bxf3 4. exf3 d5 5. Bg2 e6 6. O-O {A41: 1 d4 d6: Tartakower System and Modern Defence} g6 7. f4 Ne7 (7... Bg7 8. Be3 Ne7 9. Qd3 O-O 10. Nd2 c5 11. c3 cxd4 12. Bxd4 Bxd4 13. Qxd4 {1-0 (66) Drozdovskij,Y (2616)-Bogdanovich,S (2537) Odessa 2018}) 8. Nd2 {[%cal Bb1d2,Bd2f3,Bf3e5][%mdl 32]} Bg7 9. Nf3 O-O {LiveBook: 4 Games} 10. c3 Nd7 11. Ne5 Nf6 $146 ({Predecessor:} 11... Nf5 12. Qe2 Rc8 13. h4 {0-1 (39) Reshetnikov,A (2492)-Glek,I (2413) Moscow 2017}) 12. Be3 Qd6 13. Qe2 Rac8 14. Rfd1 Nf5 15. b4 c6 16. a4 Qe7 17. Qb2 Rfd8 18. Rdc1 Ne8 19. Bd2 Ned6 20. Bf1 Qc7 21. Rc2 Re8 22. Re1 Ra8 23. a5 Rab8 24. Qb3 b6 25. Qa4 c5 (25... bxa5 $11 26. bxa5 Ne4) 26. b5 (26. dxc5 $14 bxc5 27. Nd7) 26... Rbc8 $11 27. dxc5 Qxc5 28. Bc1 Bxe5 29. fxe5 {Strongly threatening Ba3.} Nc4 30. a6 Qe7 31. Bd3 Rc7 32. Kg2 Rec8 33. Ra2 Rc5 34. Bf4 Qd7 35. Rb1 d4 36. cxd4 (36. Bxf5 $1 $15 exf5 37. cxd4) 36... Qd5+ 37. f3 {Bxf5 is the strong threat.} Qxd4 38. Bxf5 $1 exf5 39. Rd1 Ne3+ (39... Qc3 $1 $15 40. Rd7 Nxe5 41. Bxe5 Rxe5) 40. Bxe3 $1 Qxe3 41. f4 $1 Rc4 {[#]} 42. Rd8+ $1 {[%mdl 512]} Kg7 (42... Rxd8 43. Qxc4) 43. Qd1 Rc2+ {[%mdl 64] Decoy} 44. Rxc2 Qe4+ {[%mdl 64] Double Attack} 45. Kh3 Rxc2 {[%mdl 4096] Endgame KQR-KQR} 46. Rd2 Rc3 47. Rf2 (47. Rd4 $5 {[%cal Rd4e4]} Rc1 48. Rxe4 (48. Qxc1 Qxd4 49. Qc6 Qd1 $11) 48... Rxd1 49. Rc4 $16) 47... Rd3 48. Qc2 Qd4 49. Qb2 Qe4 50. Qc2 (50. e6+ $5 Kg8 51. exf7+ {[%mdl 64] Overworked Piece} Kxf7 52. Qh8 $18) 50... h6 51. Qc6 Qe1 $36 {[%mdl 2048] Black fights for an advantage.} 52. Qf6+ Kg8 53. Rc2 $2 {[%mdl 8192]} (53. Rg2 $11) 53... Qf1+ {Black mates.} 54. Kh4 {[#]} g5+ $1 {[%mdl 512]} 55. fxg5 Rd4+ {[%mdl 64] Discovered Attack} 56. Kh5 Qh3# {Accuracy: White = 42%, Black = 49%.} 0-1

[Event "Budapest Spring Festival 2019"]
[Site "Budapest"]
[Date "2019.04.14"]
[Round "6.1"]
[White "Onischuk, Vladimir"]
[Black "Borhy, Marcell"]
[Result "1-0"]
[WhiteElo "2627"]
[BlackElo "2237"]
[Annotator "RC"]
[PlyCount "67"]
[EventDate "2019.04.09"]
[EventType "swiss"]
[EventCountry "HUN"]
[SourceTitle "playchess.com"]
[Source "ChessBase"]
[SourceQuality "1"]
[TimeControl "40/5400+30:1800+30"]

1. Nf3 {[%emt 0:00:30]} d6 {[%emt 0:00:12]} 2. g3 {[%emt 0:01:06]} e5 {[%emt 0:00:12]} 3. Bg2 {[%emt 0:00:45]} Nf6 {[%emt 0:00:21]} 4. O-O {[%emt 0:01:01]} Be7 {[%emt 0:00:18]} 5. d4 {[%emt 0:10:59]} e4 {[%emt 0:00:28]} 6. Ne1 {[%emt 0:05:03]} d5 {[%emt 0:00:22]} 7. c4 {[%emt 0:00:41]} c6 {[%emt 0:00:18]} 8. Nc3 {[%emt 0:00:49]} Be6 {[%emt 0:01:26]} 9. f3 {[%emt 0:04:29]} exf3 {[%emt 0:01:02]} 10. Nxf3 {[%emt 0:00:08]} Ne4 {[%emt 0:02:24]} 11. cxd5 {[%emt 0:07:37]} Nxc3 {[%emt 0:03:48]} 12. bxc3 {[%emt 0:00:35]} cxd5 {[%emt 0:00:34]} 13. Qb3 {[%emt 0:02:25]} b6 {[%emt 0:08:47]} 14. Ne5 {[%emt 0:02:20]} O-O {[%emt 0:02:54]} 15. a4 {[%emt 0:03:22]} Bf6 {[%emt 0:04:52]} 16. Nd3 {[%emt 0:05:27]} Na6 {[%emt 0:15:48]} 17. Bf4 {[%emt 0:13:19]} Rc8 {[%emt 0:06:10]} 18. a5 {[%emt 0:06:04]} bxa5 {[%emt 0:01:24]} 19. Qb5 {[%emt 0:00:54]} Nb8 {[%emt 0:13:38]} 20. Nc5 {[%emt 0:03:33]} Nc6 {[%emt 0:04:16]} 21. Kh1 {[%emt 0:10:14]} Be7 {[%emt 0:05:45]} 22. Nxe6 {[%emt 0:01:43]} fxe6 {[%emt 0:00:02]} 23. e4 {[%emt 0:00:08]} g5 {[%emt 0:11:21]} 24. Bd2 {[%emt 0:03:16]} Qb6 {[%emt 0:01:31]} 25. Qe2 {[%emt 0:01:00]} dxe4 {[%emt 0:03:18]} 26. Bxe4 {[%emt 0:00:35]} Rxf1+ {[%emt 0:01:19]} 27. Rxf1 {[%emt 0:00:05]} Rf8 {[%emt 0:00:08]} 28. Rxf8+ {[%emt 0:01:10]} Bxf8 {[%emt 0:00:14]} 29. Qh5 {[%emt 0:00:42]} Qc7 {[%emt 0:01:30]} 30. Qxg5+ {[%emt 0:00:10]} Bg7 {[%emt 0:02:07]} 31. Qh5 {[%emt 0:00:31]} Qd7 {[%emt 0:01:06]} 32. Qxh7+ {[%emt 0:00:29]} Kf8 {[%emt 0:00:07]} 33. Bh6 {[%emt 0:00:28]} a4 {[%emt 0:03:20]} 34. Qh8+ {[%emt 0:00:05]} 1-0

[Event "Budapest Spring Festival 2019"]
[Site "Budapest"]
[Date "2019.04.14"]
[Round "6.2"]
[White "Horvath, Adam"]
[Black "Erdos, Viktor"]
[Result "1/2-1/2"]
[WhiteElo "2533"]
[BlackElo "2610"]
[Annotator "TA"]
[PlyCount "34"]
[EventDate "2019.04.09"]
[EventType "swiss"]
[EventCountry "HUN"]
[SourceTitle "playchess.com"]
[Source "ChessBase"]
[SourceQuality "1"]

{[%evp 22,23,9,18]} 1. e4 e5 2. Nf3 Nc6 3. Bb5 a6 4. Ba4 Nf6 5. O-O b5 6. Bb3 Bc5 7. c3 d6 8. a4 Rb8 9. d4 Bb6 10. a5 {C78: Ruy Lopez: Archangelsk and Möller Defences} Ba7 11. h3 O-O 12. Be3 {LiveBook: 118 Games} {Predecessor:} Ra8 $146 13. Nbd2 h6 14. Re1 Re8 15. Qc2 exd4 16. Nxd4 Nxd4 17. cxd4 c5 {1-0 (63) Saric,I (2689)-Maghsoodloo,P (2649) Batumi 2018} 1/2-1/2